| 000 | 00477nam a2200181Ia 4500 | ||
|---|---|---|---|
| 008 | 230917s9999||||xx |||||||||||||| ||und|| | ||
| 020 | _cRS500 | ||
| 040 |
_e240280 _aMAIN |
||
| 041 | _aEnglish | ||
| 082 | _a342 U1A(10) | ||
| 100 | _aUpadhyaya, J J R | ||
| 245 | 0 | _aAdministrative law | |
| 250 | _a10th rep. ed. | ||
| 260 |
_aAllahabad _bCentral Law Agency _c2017 |
||
| 300 | _axlvii, 606 p. | ||
| 500 | _a2722 29/05/2017 RBP17/66412 06/06/2017 Main Budget | ||
| 942 | _cBK | ||
| 999 |
_c22664 _d22664 |
||